000 00421 a2200145 4500
005 20250620145341.0
020 _a0-333-34146-5
082 _a330 HAR
100 _aHARVEY, J.
245 _aModern Economics: An Introduction for Business and Professional Students.
250 _a4th Ed.
260 _aLondon,
_bMacMillan Publishers Ltd,
_c1969.
300 _axxiii, 547p.: ill.; figure, table
_bIndex
_c22cm
942 _2ddc
_cBKS
999 _c381
_d381